000 00729nam a2200241 a 4500
001 BRL_1807
005 20190320211357.0
008 040815s1964----mx-#######---#000-0#spa-#
041 _aspa
044 _amx
050 4 _aPM4063
_b.L86 1964
100 1 _aLuna Cardenas, Juan
_927917
245 1 0 _aAztequismos en el español de México
_cJuan Luna Cardenas.
260 _aMéxico
_bInstituto Federal de Capacitación del Magisterio ; SEP
_c1964
300 _a158 p.
_bil.
_c16 cm.
440 0 _aTécnica y ciencia
_v22
_927918
500 _aAu1971
650 1 4 _aNáhuatl
_xGramática
_927919
650 1 4 _aNáhuatl
_vEtimología
_927920
650 1 4 _aNáhuatl
_vDiccionarios
_xEspañol
_927882
902 _aGRL
942 _2lcc
_cB
999 _c10615
_d10615